Writing in limbo :modernism and Caribbean literature / (Record no. 827)

000 -LEADER
fixed length control field 01725cam a2200325 a 4500
001 - CONTROL NUMBER
control field 1542806
003 - CONTROL NUMBER IDENTIFIER
control field OSt
005 - DATE AND TIME OF LATEST TRANSACTION
control field 20140116120839.0
008 - FIXED-LENGTH DATA ELEMENTS--GENERAL INFORMATION
fixed length control field 910611s1992 nyu b 001 0 eng
010 ## - LIBRARY OF CONGRESS CONTROL NUMBER
LC control number 91023284
020 ## - INTERNATIONAL STANDARD BOOK NUMBER
International Standard Book Number 0801425751 (alk. paper)
040 ## - CATALOGING SOURCE
Original cataloging agency DLC
Transcribing agency DLC
Modifying agency DLC
043 ## - GEOGRAPHIC AREA CODE
Geographic area code cc-----
050 00 - LIBRARY OF CONGRESS CALL NUMBER
Classification number PR9205.4.G55 1992
082 00 - DEWEY DECIMAL CLASSIFICATION NUMBER
Classification number 823
Edition number 20
100 1# - MAIN ENTRY--PERSONAL NAME
Personal name Gikandi, Simon.
245 10 - TITLE STATEMENT
Title Writing in limbo :modernism and Caribbean literature /
Statement of responsibility, etc Simon Gikandi.
260 ## - PUBLICATION, DISTRIBUTION, ETC. (IMPRINT)
Place of publication, distribution, etc Ithaca, N.Y. :
Name of publisher, distributor, etc Cornell University Press,
Date of publication, distribution, etc 1992.
300 ## - PHYSICAL DESCRIPTION
Extent x, 260 p. ;
Dimensions 24 cm.
504 ## - BIBLIOGRAPHY, ETC. NOTE
Bibliography, etc Includes bibliographical references and index.
505 ## - FORMATTED CONTENTS NOTE
Formatted contents note Introduction; modernism and the origins of the carribean literature---carribean modernist discourse: writing, exile, and tradition---from exile to nationalism:the early novels of eorge lamming---beyond the kala-pani: the trinidad novels of Samuel Selvon---the deformation of modernism: the allegory of history in carpentiers el siglo de las luces---modernism and the masks of history : the novels of paule marshall---writing after colonialism:crick crack, monkey and beka lamb---narration at the postcolonial moment: Abeng.
600 10 - SUBJECT ADDED ENTRY--PERSONAL NAME
Personal name Carpentier, Alejo,
Dates associated with a name 1904-1980.
Title of a work Siglo de las luces.
650 #0 - SUBJECT ADDED ENTRY--TOPICAL TERM
Topical term or geographic name as entry element Caribbean fiction (English)
General subdivision History and criticism.
650 #0 - SUBJECT ADDED ENTRY--TOPICAL TERM
Topical term or geographic name as entry element West Indian fiction (English)
General subdivision History and criticism.
650 #0 - SUBJECT ADDED ENTRY--TOPICAL TERM
Topical term or geographic name as entry element Modernism (Literature)
Geographic subdivision Caribbean Area.
650 #0 - SUBJECT ADDED ENTRY--TOPICAL TERM
Topical term or geographic name as entry element Modernism (Literature)
Geographic subdivision West Indies.
906 ## - LOCAL DATA ELEMENT F, LDF (RLIN)
a 7
b cbc
c orignew
d 1
e ocip
f 19
g y-gencatlg
942 ## - ADDED ENTRY ELEMENTS (KOHA)
Source of classification or shelving scheme
Koha item type Book
Holdings
Withdrawn status Lost status Source of classification or shelving scheme Damaged status Not for loan Home library Current library Date acquired Total Checkouts Full call number Barcode Date last seen Copy number Price effective from Koha item type Shelving location
          Riara University Library Riara University Library 22/11/2011   PR9205.4 .G55 1992 2991/11 22/11/2011 C.1 22/11/2011 Book  
          Riara University Library Riara University Library 01/07/2015   PR9205.4 .G55 1992 6496/15 01/07/2015 C.2 01/07/2015 Book General stack
          Riara University Library Riara University Library 01/07/2015   PR9205.4 .G55 1992 6497/15 01/07/2015 C.3 01/07/2015 Book General stack

Riara University Library,
P.O. Box 49940-00100,
Nairobi, Kenya.